000 01342nam a2200193 u 4500
001 000370450
003 AM-YeHGA
005 20250617131858.0
008 030606s1970 ru |||||r|||||000|0|rus d
040 _aAM-YeHGA
041 0 _arus
245 0 0 _aРучной и механизированный инструмент для производства общестроительных работ :
_bКаталог-справочник /
_cСост. В.П. Башмаков; Центральный научно-исследовательский институт информации и технико-экономических исследований по строительному, дорожному и коммунальному машиностроению.
260 _aМосква :
_bИзд-во ЦНИИТЭстроймаш,
_c1970.
300 _a412 с. :
_bил.
650 1 4 _aПроизводства общестроительных работ
700 1 _aБашмаков, В.П.
_eсост.
_4com
710 2 _aЦентральный научно-исследовательский институт информации и технико-экономических исследований по строительному, дорожному и коммунальному машиностроению
090 _c142951
999 _c141571
_d141571